What next?-exploring the future of high-energy physics (Record no. 13010)

MARC details
000 -LEADER
fixed length control field 00933nam a2200217Ia 4500
003 - CONTROL NUMBER IDENTIFIER
control field IN-BaIIA
008 - FIXED-LENGTH DATA ELEMENTS--GENERAL INFORMATION
fixed length control field 211028s9999 xx 000 0 eng d
020 ## - INTERNATIONAL STANDARD BOOK NUMBER
International Standard Book Number 981-02-2073-1
040 ## - CATALOGING SOURCE
Transcribing agency IIA Library
080 ## - UNIVERSAL DECIMAL CLASSIFICATION NUMBER
Universal Decimal Classification number 530.1(082.2)
Item number WHA
111 ## - MAIN ENTRY--MEETING NAME
Meeting name or jurisdiction name as entry element Annual Montreal-Rochester-Syracuse-Toronto Meeting
Number of part/section/meeting 16th
Location of meeting Montreal
Date of meeting or treaty signing 1994 May 11-13
9 (RLIN) 22850
245 #0 - TITLE STATEMENT
Title What next?-exploring the future of high-energy physics
Remainder of title proceedings of the sixteenth annual Montreal-Rochester-Syracuse-Toronto meeting held in McGill University, Montreal, 11-13 May 1994
Statement of responsibility, etc. edited by J. R. Cudell, K. R. Dienes and B. Margolis
260 ## - PUBLICATION, DISTRIBUTION, ETC.
Place of publication, distribution, etc. Singapore
Name of publisher, distributor, etc. World Scientific
Date of publication, distribution, etc. 1994
300 ## - PHYSICAL DESCRIPTION
Extent xvii, 311p.
650 ## - SUBJECT ADDED ENTRY--TOPICAL TERM
Topical term or geographic name entry element High energy physics
9 (RLIN) 2205
650 ## - SUBJECT ADDED ENTRY--TOPICAL TERM
Topical term or geographic name entry element Particle physics
9 (RLIN) 1847
700 ## - ADDED ENTRY--PERSONAL NAME
Personal name Cudell, J. R., ed.
9 (RLIN) 22851
700 ## - ADDED ENTRY--PERSONAL NAME
Personal name Dienes, K. R., ed.
9 (RLIN) 22852
700 ## - ADDED ENTRY--PERSONAL NAME
Personal name Margolis, B., ed.
9 (RLIN) 22853
942 ## - ADDED ENTRY ELEMENTS (KOHA)
Koha item type Books
Holdings
Withdrawn status Lost status Damaged status Not for loan Home library Current library Shelving location Date acquired Total Checkouts Full call number Barcode Date last seen Price effective from Koha item type
        IIA Library-Bangalore IIA Library-Bangalore General Stacks 23/06/1999   530.1(082.2)/ WHA 13927 05/11/2021 23/06/1999 Books

Powered by Koha